Gobernabilidad y democracia /
Saved in:
| Main Author: | |
|---|---|
| Format: | Text |
| Subjects: | |
| Tags: |
Add Tag
No Tags, Be the first to tag this record!
|
MARC
| LEADER | 00000 a a2200000 04500 | ||
|---|---|---|---|
| 001 | 7439 | ||
| 003 | |||
| 040 | |||
| 100 | |a Camou, Antonio | ||
| 245 | |a Gobernabilidad y democracia / |c Antonio Camou | ||
| 650 | |a GOBERNABILIDAD | ||
| 650 | |a DEMOCRACIA | ||
| 650 | |a GOBIERNO | ||
| 650 | |a TEORIA | ||
| 650 | |a POLITICA | ||
| 773 | |g número 3; páginas 23-33 | ||
| 999 | |c 34955 |d 34955 | ||
